| 000 | 00469cam a2200193 4500 | ||
|---|---|---|---|
| 001 | D2775 | ||
| 008 | 090401t1973 xxu||||| |||| 00| 0 eng d | ||
| 035 | _a(Sirsi) u70545 | ||
| 041 | _aeng | ||
| 050 | _a695.43 | ||
| 110 |
_aCopper Development Association _9216 |
||
| 245 | _aLong strip copper roofing | ||
| 260 |
_aPotters Bar, Herts _bCDA _c1973 |
||
| 300 | _a24p. ill. 30cm | ||
| 350 | _a0 | ||
| 490 |
_aTechnical Note _v17 |
||
| 942 | _n0 | ||
| 948 | _c04/03/1997 | ||
| 999 |
_c95339 _d95339 |
||